<?xml version="1.0" encoding="UTF-8"?>
<record
    xmlns:xsi="http://www.w3.org/2001/XMLSchema-instance"
    xsi:schemaLocation="http://www.loc.gov/MARC21/slim http://www.loc.gov/standards/marcxml/schema/MARC21slim.xsd"
    xmlns="http://www.loc.gov/MARC21/slim">

  <leader>01095nam a2200241Ia 4500</leader>
  <datafield tag="999" ind1=" " ind2=" ">
    <subfield code="c">1590</subfield>
    <subfield code="d">1590</subfield>
  </datafield>
  <controlfield tag="003">DO-SdBJH</controlfield>
  <controlfield tag="005">20190927190048.0</controlfield>
  <controlfield tag="008">171119b        xxu||||| |||| 00| 0 spa d</controlfield>
  <datafield tag="020" ind1=" " ind2=" ">
    <subfield code="a">9945-00-042-x</subfield>
  </datafield>
  <datafield tag="040" ind1=" " ind2=" ">
    <subfield code="a">DO-SdBJH</subfield>
    <subfield code="b">spa</subfield>
    <subfield code="c">DO-SdBJH</subfield>
  </datafield>
  <datafield tag="041" ind1=" " ind2=" ">
    <subfield code="b">spa</subfield>
  </datafield>
  <datafield tag="082" ind1=" " ind2=" ">
    <subfield code="a">RD 302.2   </subfield>
    <subfield code="b"> C758p     2005</subfield>
  </datafield>
  <datafield tag="100" ind1="1" ind2=" ">
    <subfield code="a">Consuegra, Olga</subfield>
  </datafield>
  <datafield tag="245" ind1="1" ind2="0">
    <subfield code="a">La palabra hablada: la joya de la corona / </subfield>
    <subfield code="c">Olga Consuegra</subfield>
  </datafield>
  <datafield tag="260" ind1=" " ind2=" ">
    <subfield code="a">Santo Domingo :</subfield>
    <subfield code="b">Editora  Manat&#xED;,</subfield>
    <subfield code="c">2005</subfield>
  </datafield>
  <datafield tag="300" ind1=" " ind2=" ">
    <subfield code="a">174 p&#xE1;ginas : ilustraci&#xF3;n</subfield>
  </datafield>
  <datafield tag="505" ind1=" " ind2=" ">
    <subfield code="a">1- Indices de impacto 2-Sistema de filtros 3- Sistema de comunicaci&#xF3;n 4-Lenguaje corporal 5- La magia del n&#xFA;mero 7 - 6-Marcos de conducta 7-Reglas de oro de la comunicaci&#xF3;n 8- Sinton&#xED;a o empat&#xED;a 9-Compartir y dirigir 10-El seminario de los tres minutos 11-Pistas de acceso ocular 12-Ante una entrevista 13-Las anclas  14- Lenguajes de las flores 15-Conclusiones y recomendaciones 
</subfield>
  </datafield>
  <datafield tag="650" ind1="7" ind2=" ">
    <subfield code="a">Comunicaci&#xF3;n  </subfield>
    <subfield code="2">Sears</subfield>
    <subfield code="v">palabra oral y escrita</subfield>
  </datafield>
  <datafield tag="700" ind1=" " ind2=" ">
    <subfield code="e">autor</subfield>
  </datafield>
  <datafield tag="942" ind1=" " ind2=" ">
    <subfield code="2">ddc</subfield>
    <subfield code="c">BK</subfield>
  </datafield>
  <datafield tag="952" ind1=" " ind2=" ">
    <subfield code="0">0</subfield>
    <subfield code="1">0</subfield>
    <subfield code="2">ddc</subfield>
    <subfield code="4">0</subfield>
    <subfield code="7">0</subfield>
    <subfield code="8">RD</subfield>
    <subfield code="a">BEGEM</subfield>
    <subfield code="b">BEGEM</subfield>
    <subfield code="c">GEN</subfield>
    <subfield code="d">2017-11-11</subfield>
    <subfield code="i">16-EERD-00008</subfield>
    <subfield code="l">0</subfield>
    <subfield code="o">RD 302.2    C758p     2005</subfield>
    <subfield code="p">16-EERD-00008</subfield>
    <subfield code="r">2017-11-18 00:00:00</subfield>
    <subfield code="t">Ej.1</subfield>
    <subfield code="w">2017-11-11</subfield>
    <subfield code="y">BK</subfield>
  </datafield>
</record>
